00265nam a2200109Ia 4500008004100000082001600041100001500057245001800072260003800090300000900128650001800137191201s2018 xx 000 0 und d a615.321 KOP aKOKATE,C.K 0aPharmacognosy bNirali PrakashanaNew Delhic2018 aMISC aPharmacognosy